Normal view MARC view

Entry Topical Term

Number of records used in: 1

001 - CONTROL NUMBER

  • control field: 2304

003 - CONTROL NUMBER IDENTIFIER

  • control field: OSt

005 - DATE AND TIME OF LATEST TRANSACTION

  • control field: 20150107135035.0

008 - FIXED-LENGTH DATA ELEMENTS

  • fixed length control field: 150107|| aca||aabn | a|a d

040 ## - CATALOGING SOURCE

  • Original cataloging agency: OSt
  • Transcribing agency: OSt

150 ## - HEADING--TOPICAL TERM

  • Topical term or geographic name entry element: Chemicals
  • General subdivision: Purification.

670 ## - SOURCE DATA FOUND

  • Source citation: Work cat.: (OSt)853: Armarego, W. L. F. 2303, Purification of laboratory chemicals /, c1996.